| 000 -LEADER |
| fixed length control field |
00311nam a2200109Ia 4500 |
| 008 - FIXED-LENGTH DATA ELEMENTS--GENERAL INFORMATION |
| fixed length control field |
201231s9999 xx 000 0 und d |
| 100 ## - MAIN ENTRY--PERSONAL NAME |
| Personal name |
Gill, S S |
| 245 #4 - TITLE STATEMENT |
| Title |
The Dynasty: A Polititical biography of the premier ruling family of modern India |
| 260 ## - PUBLICATION, DISTRIBUTION, ETC. |
| Place of publication, distribution, etc. |
New Delhi |
| Name of publisher, distributor, etc. |
Harper Collins |
| 300 ## - PHYSICAL DESCRIPTION |
| Extent |
568 |
| 942 ## - ADDED ENTRY ELEMENTS (KOHA) |
| Koha item type |
Books |